Normal view MARC view

Entry Personal Name

Number of records used in: 1

001 - CONTROL NUMBER

  • control field: 19475

003 - CONTROL NUMBER IDENTIFIER

  • control field: OSt

005 - DATE AND TIME OF LATEST TRANSACTION

  • control field: 20251014115629.0

008 - FIXED-LENGTH DATA ELEMENTS

  • fixed length control field: 251014|| aca||aabn | a|a d

040 ## - CATALOGING SOURCE

  • Original cataloging agency: OSt
  • Transcribing agency: OSt

100 ## - HEADING--PERSONAL NAME

  • Personal name: Tatham, Peter E. R.
  • Titles and other words associated with a name: (Life scientist)

670 ## - SOURCE DATA FOUND

  • Source citation: Work cat.: (OSt)9571: Gomperts, B. D. 19473, Signal transduction /, c2002.